Physical education 4 : team sports : basketball and volleyball / John Paul R. Domingo [and three others]. (Record no. 21565)

000 -LEADER
fixed length control field 00583nam a22001697a 4500
020 ## - INTERNATIONAL STANDARD BOOK NUMBER
ISBN 9786210800029
082 ## - DEWEY DECIMAL CLASSIFICATION NUMBER
Classification number 796
Item number D6711 2023
100 ## - MAIN ENTRY--AUTHOR NAME
Personal name Domingo, John Paul R., author.
245 ## - TITLE STATEMENT
Title Physical education 4 : team sports : basketball and volleyball / John Paul R. Domingo [and three others].
260 ## - PUBLICATION, DISTRIBUTION, ETC. (IMPRINT)
Place of publication Malabon City :
Name of publisher Mutya Publishing House, Inc.,
Year of publication ©2023.
300 ## - PHYSICAL DESCRIPTION
Number of Pages 103 pages :
Other physical details illustrations ; 26 cm.
500 ## - GENERAL NOTE
General note Includes bibliographical references.
650 ## - SUBJECT ADDED ENTRY--TOPICAL TERM
Topical Term Physical education -- Sports.
650 ## - SUBJECT ADDED ENTRY--TOPICAL TERM
Topical Term Basketball.
650 ## - SUBJECT ADDED ENTRY--TOPICAL TERM
Topical Term Volleyball.
942 ## - ADDED ENTRY ELEMENTS (KOHA)
Koha item type Books
Holdings
Source of acquisition Permanent Location Date acquired Koha item type Collection code Accession Number Lost status Shelving location Withdrawn status Current Location Full call number
SchoolCagayan State University - Carig Library2025-12-04BooksArts & Recreation011253 General Collection Cagayan State University - Carig Library796 D6711 2023
SchoolCagayan State University - Carig Library2025-12-04BooksArts & Recreation011254 General Collection Cagayan State University - Carig Library796 D6711 2023
SchoolCagayan State University - Carig Library2025-12-04BooksArts & Recreation011255 General Collection Cagayan State University - Carig Library796 D6711 2023

Cagayan State University University Library, Carig Campus
Tuguegarao City, Cagayan 3500 | www.csucarig.edu.ph

Powered by Koha